Wonder tales from Greece / (Record no. 14399)
[ view plain ]
| 000 -LEADER | |
|---|---|
| fixed length control field | 00501nam a22001812 4500 |
| 001 - CONTROL NUMBER | |
| control field | 0000008761 |
| 005 - DATE AND TIME OF LATEST TRANSACTION | |
| control field | 20151217160116.0 |
| 008 - FIXED-LENGTH DATA ELEMENTS--GENERAL INFORMATION | |
| fixed length control field | 080529s xx 000 0 eng d |
| 020 ## - INTERNATIONAL STANDARD BOOK NUMBER | |
| International Standard Book Number | 0333057112 : |
| Terms of availability | KES 221.25 |
| 040 ## - CATALOGING SOURCE | |
| Original cataloging agency | KABU |
| Transcribing agency | KABU |
| 100 1# - MAIN ENTRY--PERSONAL NAME | |
| Personal name | Green, Margery. |
| -- | 0000159462 |
| 245 10 - TITLE STATEMENT | |
| Title | Wonder tales from Greece / |
| Statement of responsibility, etc. | Margery Green. |
| 260 ## - PUBLICATION, DISTRIBUTION, ETC. (IMPRINT) | |
| Place of publication, distribution, etc. | London : |
| Name of publisher, distributor, etc. | Macmillan, |
| Date of publication, distribution, etc. | 1961. |
| 300 ## - PHYSICAL DESCRIPTION | |
| Extent | 104 p. |
| 908 ## - PUT COMMAND PARAMETER (RLIN) | |
| Put command parameter | 080529 |
| 950 ## - LOCAL HOLDINGS (RLIN) | |
| -- | 1 |
| Withdrawn status | Lost status | Source of classification or shelving scheme | Not for loan | Home library | Current library | Date acquired | Total Checkouts | Full call number | Barcode | Date last seen | Price effective from | Koha item type |
|---|---|---|---|---|---|---|---|---|---|---|---|---|
| Library of Congress Classification | Kabarak, Main Campus | Kabarak, Main Campus | 17/12/2015 | PZ7 .G74W66 c. 1 | 012598 | 17/12/2015 | 17/12/2015 | Children Collection |